[Event "4th Prague Masters 2022"]
[Site "Prague CZE"]
[Date "2022.06.17"]
[Round "9.3"]
[White "Vallejo Pons, Francisco"]
[Black "Le, Quang Liem"]
[Result "1/2-1/2"]
[WhiteTitle "GM"]
[BlackTitle "GM"]
[WhiteElo "2703"]
[BlackElo "2709"]
[WhiteFideId "2205530"]
[BlackFideId "12401137"]
[EventDate "2022.06.08"]

1. e4 e5 2. Nf3 Nc6 3. Bb5 a6 4. Ba4 Nf6 5. Nc3 Bc5 6. O-O O-O 7. Bxc6 dxc6 8.
d3 Nd7 9. Be3 Re8 10. h3 Bd6 11. Nd2 Nf8 12. Nc4 Ng6 13. d4 b5 14. Nxd6 cxd6 15.
dxe5 Nxe5 16. b3 f5 17. exf5 Bxf5 18. Ne2 Nf7 19. Ng3 Bd7 20. Bd4 Qg5 21. Qd3 c5
22. Bb2 Qg6 23. Rfd1 Bc6 24. Qxg6 hxg6 25. Nf1 a5 26. Ne3 a4 27. a3 Re4 28. Rd3
axb3 29. cxb3 b4 30. f3 bxa3 31. Rxa3 Rxa3 32. Bxa3 Ne5 33. Rc3 Rf4 34. Bxc5
dxc5 35. Rxc5 Nxf3+ 36. gxf3 Rxf3 1/2-1/2

[Event "4th Prague Masters 2022"]
[Site "Prague CZE"]
[Date "2022.06.17"]
[Round "9.4"]
[White "Vidit, Santosh Gujrathi"]
[Black "Salem, A.R. Saleh"]
[Result "1/2-1/2"]
[WhiteTitle "GM"]
[BlackTitle "GM"]
[WhiteElo "2723"]
[BlackElo "2679"]
[WhiteFideId "5029465"]
[BlackFideId "9301348"]
[EventDate "2022.06.08"]

1. Nf3 d5 2. d4 Nf6 3. c4 e6 4. g3 Bb4+ 5. Bd2 a5 6. Bg2 O-O 7. Qc2 c5 8. cxd5
cxd4 9. Nxd4 Qb6 10. e3 exd5 11. a3 Bxd2+ 12. Nxd2 Nc6 13. N2f3 Bg4 14. O-O Nxd4
15. Nxd4 Rfc8 16. Qb3 Qxb3 17. Nxb3 Rc2 18. Rab1 b6 19. Nd4 Rc5 20. h3 Bd7 21.
Rfd1 h5 22. Ne2 Bf5 23. Ra1 Re8 24. Nc3 Ne4 25. Nxd5 Rc2 26. g4 hxg4 27. hxg4
Bg6 28. f4 Nf2 29. Rdc1 Nxg4 30. Rxc2 Bxc2 31. Rc1 Bb3 32. e4 Rd8 33. Rc6 Nf6
34. Rc8 Rxc8 35. Ne7+ Kf8 36. Nxc8 Nh5 37. f5 Nf4 38. Nxb6 1/2-1/2

[Event "4th Prague Masters 2022"]
[Site "Prague CZE"]
[Date "2022.06.17"]
[Round "9.5"]
[White "Maghsoodloo, Parham"]
[Black "Navara, David"]
[Result "1/2-1/2"]
[WhiteTitle "GM"]
[BlackTitle "GM"]
[WhiteElo "2716"]
[BlackElo "2681"]
[WhiteFideId "12539929"]
[BlackFideId "309095"]
[EventDate "2022.06.08"]

1. e4 e5 2. Nf3 Nc6 3. Bb5 Nf6 4. O-O Nxe4 5. Re1 Nd6 6. Nxe5 Be7 7. Bf1 Nxe5 8.
Rxe5 O-O 9. Nc3 Bf6 10. Re1 Re8 11. Nd5 Rxe1 12. Qxe1 b6 13. c3 Bb7 14. Nxf6+
Qxf6 15. d3 Re8 16. Qd1 h6 17. Bd2 Qh4 18. h3 Re6 19. Qg4 Qxg4 20. hxg4 Rg6 21.
f3 f5 22. Be2 fxg4 23. fxg4 Nf7 24. a4 Re6 25. Bf1 g5 26. a5 Ne5 27. axb6 Rxb6
28. b4 Ra6 29. Rxa6 Bxa6 30. c4 Nxg4 31. Be2 Ne5 32. b5 Bb7 33. Ba5 c6 34. Bc7
Ng6 35. Bg4 cxb5 36. cxb5 Nf8 37. Bd6 Ne6 38. Kf2 Kf7 39. g3 Kg6 40. Ke3 h5 41.
Bxe6 1/2-1/2